貨物取扱駅 - Statistics

General Stats
  • This quiz has been taken 65 times
  • The average score is 110 of 320
Answer Stats
都道府県 駅名 備考 % Correct
北海道 函館貨物
78%
岩手県 盛岡(タ)
73%
秋田県 秋田貨物
73%
宮城県 仙台(タ)
73%
東京都 東京(タ)
73%
北海道 札幌(タ)
71%
愛知県 名古屋(タ)
71%
愛知県 名古屋
71%
北海道 北見
67%
青森県 八戸
67%
青森県 八戸貨物
67%
青森県 青森 信号所 | 旅客駅
67%
新潟県 新潟(タ)
67%
茨城県 水戸 ORS
65%
栃木県 宇都宮(タ)
65%
栃木県 宇都宮
65%
神奈川県 川崎貨物
65%
広島県 広島(タ)
65%
熊本県 熊本
65%
鹿児島県 鹿児島(タ)
65%
静岡県 静岡貨物
63%
岐阜県 岐阜(タ)
63%
三重県 四日市
63%
大阪府 大阪(タ)
63%
岡山県 岡山(タ)
63%
香川県 高松
63%
香川県 高松(タ)
63%
愛媛県 松山
63%
北海道 苫小牧貨物
61%
福島県 郡山(タ)
61%
福島県 郡山
61%
茨城県 土浦
61%
富山県 富山貨物
61%
京都府 京都貨物
61%
山口県 下関
61%
埼玉県 熊谷(タ)
59%
茨城県 日立
59%
大阪府 吹田(タ)
59%
福岡県 福岡(タ)
59%
長崎県 長崎 ORS
59%
群馬県 高崎 操車場
57%
高知県 高知 ORS
57%
山口県 岩国
57%
佐賀県 鳥栖(タ)
57%
山形県 山形 ORS
55%
千葉県 千葉貨物 臨海鉄道線
55%
埼玉県 大宮 操車場 | 旅客駅
55%
愛知県 豊橋 ORS
55%
兵庫県 神戸(タ)
55%
岡山県 倉敷 旅客駅
55%
岡山県 倉敷(タ) 臨海鉄道線
55%
徳島県 徳島 ORS
55%
長野県 南松本
53%
兵庫県 姫路貨物
53%
北海道 東室蘭
51%
静岡県 富士
51%
大阪府 安治川口
51%
宮崎県 延岡
51%
群馬県 倉賀野
49%
茨城県 神栖 臨海鉄道線
49%
東京都 隅田川
49%
神奈川県 相模貨物
49%
山梨県 竜王
49%
長野県 長野
49%
静岡県 沼津
49%
静岡県 西浜松
49%
富山県 高岡貨物
49%
兵庫県 西浜
49%
福岡県 北九州(タ)
49%
北海道 滝川
47%
茨城県 勝田
47%
福島県 小名浜 臨海鉄道線
47%
千葉県 蘇我
47%
栃木県 小山
47%
神奈川県 根岸
47%
東京都 八王子 ORS
47%
長野県 北長野
47%
福井県 敦賀
47%
広島県 福山
47%
鹿児島県 川内
47%
岩手県 北上
45%
宮城県 岩沼
45%
福島県 会津若松 ORS
45%
新潟県 新津
45%
福井県 南福井
45%
滋賀県 米原
45%
岡山県 水島 臨海鉄道線
45%
岩手県 一ノ関
43%
岩手県 水沢
43%
秋田県 秋田港
43%
青森県 弘前
43%
愛知県 稲沢
43%
和歌山県 和歌山 ORS
43%
山口県 宇部
43%
熊本県 八代
43%
青森県 東青森
41%
宮城県 仙台港 臨海鉄道線
41%
埼玉県 越谷(タ)
41%
神奈川県 新鶴見 信号所
41%
鳥取県 伯耆大山
41%
愛媛県 新居浜
41%
北海道 名寄 ORS
39%
新潟県 柏崎 ORS
39%
山形県 酒田港
39%
神奈川県 小田原
39%
埼玉県 新座(タ)
39%
京都府 福知山 ORS
39%
山口県 新南陽
39%
北海道 釧路貨物
37%
北海道 北旭川
37%
福島県 東福島 ORS
37%
新潟県 焼島
37%
新潟県 新発田
37%
茨城県 友部
37%
神奈川県 梶ヶ谷(タ)
37%
静岡県 三島
37%
三重県 塩浜
37%
宮崎県 都城 ORS
37%
神奈川県 西湘貨物
37%
北海道 富良野
35%
秋田県 大館
35%
宮城県 名取 ORS
35%
宮城県 石巻港
35%
新潟県 黒井
35%
東京都 新小岩 信号所
35%
神奈川県 千鳥町 臨海鉄道線
35%
神奈川県 末広町 臨海鉄道線
35%
神奈川県 浜川崎
35%
神奈川県 横浜本牧 臨海鉄道線
35%
岐阜県 美濃赤坂
35%
大阪府 百済(タ)
35%
岡山県 東水島 臨海鉄道線
35%
広島県 大竹
35%
山口県 幡生 旅客駅
35%
佐賀県 鍋島
35%
宮崎県 南延岡
35%
宮崎県 佐土原 ORS
35%
北海道 帯広貨物
33%
埼玉県 岡部
33%
埼玉県 三ヶ尻 私鉄線
33%
神奈川県 扇町
33%
長野県 岡谷 ORS
33%
愛知県 東港 臨海鉄道線
33%
三重県 富田 旅客駅
33%
山口県 下松
33%
山口県 厚狭
33%
大分県 西大分
33%
福岡県 大牟田 ORS
33%
宮城県 陸前山王 旅客駅
31%
新潟県 南長岡
31%
群馬県 新町
31%
群馬県 渋川
31%
茨城県 荒川沖
31%
東京都 越中島貨物
31%
千葉県 京葉久保田 臨海鉄道線
31%
埼玉県 羽生 ORS
31%
栃木県 矢板 ORS
31%
神奈川県 新芝浦
31%
神奈川県 本牧埠頭 臨海鉄道線
31%
愛知県 刈谷 ORS
31%
愛知県 笠寺
31%
愛知県 半田埠頭 臨海鉄道線
31%
岐阜県 多治見
31%
香川県 多度津
31%
福岡県 東小倉
31%
福岡県 黒崎
31%
福岡県 千早 操車場
31%
佐賀県 有田 ORS
31%
宮城県 仙台西港 臨海鉄道線
29%
宮城県 古川 ORS
29%
新潟県 東三条
29%
新潟県 中条 ORS
29%
群馬県 安中
29%
茨城県 神立
29%
茨城県 内原
29%
茨城県 奥野谷浜 臨海鉄道線
29%
神奈川県 安善
29%
長野県 塩尻
29%
三重県 東藤原 私鉄線
29%
富山県 黒部
29%
新潟県 青海 ORS
29%
新潟県 糸魚川
29%
富山県 速星
29%
北海道 苗穂
27%
岩手県 六原 ORS
27%
秋田県 羽後本荘 ORS
27%
宮城県 東仙台 信号所
27%
宮城県 仙台北港 臨海鉄道線
27%
茨城県 常陸多賀
27%
千葉県 京葉市原 臨海鉄道線
27%
埼玉県 東鷲宮
27%
福島県 新白河
27%
東京都 金町
27%
神奈川県 大川
27%
静岡県
27%
愛知県 名古屋南貨物 臨海鉄道線
27%
三重県 南四日市
27%
北海道 新旭川
24%
北海道 陣屋町
24%
青森県 北沼 臨海鉄道線
24%
新潟県 東新潟港 休止中
24%
埼玉県 武川 私鉄線
24%
埼玉県 武州原谷 私鉄線
24%
東京都 田端 信号所
24%
栃木県 宝積寺
24%
神奈川県 浮島町 臨海鉄道線
24%
神奈川県 東高島
24%
長野県 坂城
24%
静岡県 島田
24%
愛知県 昭和町 臨海鉄道線
24%
愛知県 名電築港 臨海鉄道線
24%
愛知県 名古屋港
24%
岐阜県 乙女坂 私鉄線
24%
京都府 向日町
24%
福岡県 浜小倉
24%
北海道 小樽築港 ORS
22%
北海道 本輪西
22%
秋田県 横手 ORS
22%
新潟県 新井
22%
千葉県 浜五井 臨海鉄道線
22%
東京都 品川
22%
神奈川県 水江町 臨海鉄道線 廃止
22%
長野県 辰野
22%
静岡県 吉原
22%
静岡県 磐田
22%
愛知県 清洲
22%
愛知県 碧南市 臨海鉄道線
22%
三重県 多気
22%
福井県 敦賀港 新営業所
22%
滋賀県 膳所
22%
鳥取県 湖山 ORS
22%
広島県 糸崎 新営業所
22%
愛媛県 伊予三島
22%
山口県 新下関
22%
北海道 音別
20%
北海道 中斜里 ORS
20%
岩手県 花巻空港
20%
秋田県 向浜 臨海鉄道線 廃止
20%
秋田県 秋田北港 臨海鉄道線 廃止
20%
福島県 安積永盛
20%
新潟県 二本木
20%
新潟県 黒山
20%
群馬県 八木原
20%
千葉県 玉前 臨海鉄道線
20%
千葉県 北袖 臨海鉄道線
20%
愛知県 東名古屋港 臨海鉄道線
20%
愛知県 春日井
20%
富山県 魚津 ORS
20%
滋賀県 石山
20%
兵庫県 兵庫
20%
山口県 防府貨物 新営業所
20%
福島県 松川
20%
千葉県 甲子 臨海鉄道線
20%
北海道 萩野
18%
青森県 本八戸
18%
宮城県 仙台埠頭 臨海鉄道線
18%
埼玉県 吹上
18%
茨城県 川島
18%
千葉県 椎津 臨海鉄道線
18%
神奈川県 逗子
18%
神奈川県 鴨宮
18%
東京都 中野
18%
山梨県 石和温泉
18%
東京都 拝島
18%
長野県 西上田
18%
長野県 屋代
18%
長野県 元善光寺
18%
長野県 沢渡
18%
愛知県 知多 臨海鉄道線 休止中
18%
岐阜県 穂積
18%
滋賀県 近江長岡
18%
石川県 松任
18%
富山県 越中大門
18%
富山県 東富山
18%
富山県 西富山
18%
滋賀県 守山
18%
兵庫県 東灘 信号所
18%
三重県 鵜殿
18%
福岡県 苅田港 廃止
18%
秋田県 東能代
16%
宮城県 岩切
16%
山形県 羽前水沢 ORS
16%
千葉県 前川 臨海鉄道線
16%
長野県 川中島
16%
愛知県 豊川
16%
富山県 二塚
16%
富山県 伏木
16%
兵庫県 宝殿
16%
岡山県 西埠頭 臨海鉄道線 廃止
16%
秋田県 中島埠頭 臨海鉄道線 廃止
14%
福島県 広田
14%
福島県 塩川
14%
茨城県 下館
14%
静岡県 伊東
14%
東京都 武蔵境
14%
山梨県 初狩
14%
長野県 村井
14%
岐阜県 猿岩 私鉄線 廃止
14%
滋賀県 高月
14%
福井県 芦原温泉
14%
島根県 東松江 新営業所
14%
大分県 鶴崎
14%
新潟県 新崎
12%
新潟県 五日町
12%
神奈川県 長津田
12%
愛知県 新守山
12%
北海道 近文
10%
北海道 茶志内
10%
東京都 綾瀬
10%
神奈川県 松田
10%
大阪府 徳庵
10%
北海道 島松
8%
神奈川県 下曽我
8%
兵庫県 御着
8%
北海道 東鹿越
8%
石川県 金沢(タ)
4%
北海道 赤平
2%
No matching quizzes found
Score Distribution
Percent of People with Each Score
Percentile by Number Answered
Your Score History
You have not taken this quiz